|
|
|
|
| LEADER |
01012nam a2200265 a 4500 |
| 001 |
GR-MES1449 |
| 008 |
991111s1990 nyu 000 b eng d |
| 020 |
|
|
|a 0745005616
|
| 040 |
|
|
|a GrPaTEI
|b gre
|c GR-PaULI
|
| 245 |
0 |
0 |
|a Capitalism and individualism :
|b Reframing the argument for the free society.
|
| 260 |
|
|
|a New York :
|b Harvester wheatsheaf,
|c 1990
|
| 300 |
|
|
|a 182σ.
|
| 500 |
|
|
|a bibliography:p(169-174),includes index
|
| 650 |
|
4 |
|a ΑΓΑΘΑ
|
| 650 |
|
4 |
|a ΕΛΕΥΘΕΡΗ ΚΟΙΝΩΝΙΑ
|
| 650 |
|
4 |
|a Καπιταλισμός
|
| 650 |
|
4 |
|a Οικονομία
|
| 650 |
|
4 |
|a ΠΟΛΙΤΙΚΕΣ ΘΕΩΡΙΕΣ
|
| 650 |
|
4 |
|a ΦΙΛΕΛΕΥΘΕΡΙΣΜΟΣ
|
| 700 |
1 |
|
|a Machan, Tibor
|
| 710 |
0 |
|
|a Harvester wheatsheaf
|
| 942 |
|
|
|2 ddc
|
| 952 |
|
|
|0 0
|1 0
|2 ddc
|4 0
|6 320_510000000000000_MAC
|7 0
|9 265648
|a MSLG
|b MSLG
|c BSC
|d 2021-01-17
|e 24
|f 0
|g 0.00
|l 0
|o 320.51 MAC
|p 2420000002747
|r 2021-01-17 00:00:00
|t 1
|w 2021-01-17
|y BK15
|x 19991111 0 1
|x GrPaTEI
|
| 971 |
|
|
|a .b25724915
|b 15-04-20
|c 13-09-16
|
| 999 |
|
|
|c 152697
|d 152697
|